| 000 | 00588cam a2200205 4500 | ||
|---|---|---|---|
| 001 | 4127977 | ||
| 005 | 20241114152400.0 | ||
| 008 | 720202s1971 enk b 001 0 eng | ||
| 020 | _a0714626112 | ||
| 050 | 0 | 0 |
_aKRX810 _b.U93 1971 |
| 082 | 0 | 0 | _a346/.667/02 |
| 100 | 1 | _aUche, U. U. | |
| 245 | 1 | 0 |
_aContractual obligations in Ghana and Nigeria _c[by] U. U. Uche. |
| 260 |
_a[London] _bF. Cass, _c1971. |
||
| 300 |
_axl, 366 p. _c23 cm. |
||
| 500 | _aPart of author's thesis, University of London. | ||
| 650 | 0 |
_aContracts _zGhana. |
|
| 650 | 0 |
_aContracts _zNigeria. |
|
| 942 |
_2lcc _cBK _n0 |
||
| 999 |
_c1212 _d1212 |
||